| 000 | 00000nam 2200000za 4500 |
| 001 | 9.641126 |
| 003 | CaOODSP |
| 005 | 20220805092213 |
| 007 | cr ||||||||||| |
| 008 | 150407|2012||||xxc|||||o f|0| 0 fre d |
| 020 | |a978-0-662-71825-3 |
| 040 | |aCaOODSP|bfre |
| 043 | |an-cn--- |
| 086 | 1 |aH114-4/2012F-PDF |
| 110 | 1 |aCanada.|bSanté Canada. |bAgence de réglementation de la lutte antiparasitaire. |
| 245 | 10|aAgence de réglementation de la lutte antiparasitaire - les sanctions administratives pécuniaires (SAP) |h[ressource électronique] |
| 260 | |aOttawa - Ontario : |bSanté Canada. |cc2012. |
| 300 | |a24p.|bfigures, tableaux |
| 500 | |aLe n° de catalogue (H114-4/2012F) et l'ISBN (978-0-662-71787-4) de l'édition imprimée ont été incorrectement copiés dans l'édition électronique. |
| 590 | |a14-14-Supp|b2014-07-24 |
| 691 | 07|aAmende|2gcpds |
| 691 | 07|aPesticide|2gcpds |
| 691 | 07|aRéglementation|2gcpds |
| 775 | 08|tPest Management Regulatory Agency, administrative monetary penalties (AMPs) |w(CaOODSP)9.697058 |
| 794 | |tLes sanctions administratives pécuniaires (SAP).|w(CaOODSP)9.866733 |
| 795 | |tLes sanctions administratives pécuniaires (SAP) |w(CaOODSP)9.639665 |
| 856 | 40|ahttp://publications.gc.ca|qPDF|s191 Ko|uhttps://publications.gc.ca/collections/collection_2014/sc-hc/H114-4-2012-fra.pdf |